Statistics for Eleanor Rigby - The Beatles Lyrics

Click here to take the quiz!

General Stats

  • This quiz has been taken 886 times
    (869 since last reset)
  • The average score is 174 of 204

Answer Stats

Answer% Correct
rigby
100%
Eleanor
100%
Rigby
100%
the
99%
a
99%
all
98%
people
98%
lonely
97%
where
95%
do
94%
church
92%
they
92%
at
92%
in
91%
look
90%
come
90%
from
89%
from?
89%
no
88%
he
88%
father
87%
wedding
87%
belong?
86%
belong
86%
been
84%
up
84%
has
83%
one
82%
rice
82%
picks
80%
that
78%
McKenzie
77%
ah
77%
is
76%
will
74%
by
74%
her
74%
for?
73%
door
73%
dream
73%
she
73%
hear
73%
nobody
72%
it
72%
who
71%
lives
71%
was
71%
came
70%
window
69%
sermon
69%
near
69%
died
68%
writing
67%
jar
67%
grave
67%
comes
66%
his
66%
and
66%
him
65%
keeps
65%
of
64%
buried
63%
words
63%
face
63%
working
63%
there
62%
with
62%
care?
61%
name
61%
what
60%
socks
60%
waits
59%
as
59%
along
59%
does
58%
when
58%
saved
58%
night
57%
dirt
56%
wearing
56%
hands
56%
walks
55%
there's
53%
wiping
50%
darning
44%

Score Distribution

Percentile by Number Answered

Percent of People with Each Score

Your Score History

You have not taken this quiz since the last reset